Normal view
MARC view
- بن عبد الوهاب، محمد ؛ تحقيق زهير الشاويش
Entry Personal Name
001 - CONTROL NUMBER
- control field: 56491
003 - CONTROL NUMBER IDENTIFIER
- control field: JO-AjAnu
005 - DATE AND TIME OF LATEST TRANSACTION
- control field: 20230606083246.0
008 - FIXED-LENGTH DATA ELEMENTS
- fixed length control field: 230606|| aca||aabn | a|a d
040 ## - CATALOGING SOURCE
- Original cataloging agency: JO-AjAnu
- Transcribing agency: JO-AjAnu
100 ## - HEADING--PERSONAL NAME
- Personal name: بن عبد الوهاب، محمد ؛ تحقيق زهير الشاويش
670 ## - SOURCE DATA FOUND
- Source citation: Work cat.: (JO-AjAnu)28826: بن عبد الوهاب، محمد ؛ تحقيق زهير الشاويش, author, مختصر زاد المعاد للإمام ابن قيم الجوزية